=LDR 00000nam 2200000 4500 =001 INLIS000000000021853 =005 20130612120654 =008 ***********************************Ind** =035 ##$$0010-061300000021853 =041 ##$$a Ind =082 ##$$a 551.48 =090 ##$$a 551.48, Ris a =100 ##$$a RISMUNANDAR =245 ##$$a Air, Fungsi dan Kegunaannya bagi Pertanian, Rismunandar =260 ##$$a 1999 $b Jakarta =300 ##$$a ix, 98 hlm., ilus., 21 cm =650 ##$$a Pertanian - Air =850 ##$$a NBPNMAT